A Thirty Years' War The Failed Public/Private Partnership that Spurred the Creation of the Toronto Transit Commission, 1891-1921 /

Detalles Bibliográficos
Autor principal: Kyer, C . Ian
Formato: eBook
Lenguaje:inglés
Publicado: Toronto: Irwin Law Inc., 2015
Materias:
Acceso en línea:Acceso restringido

MARC

LEADER 00000nam a22000007a 4500
005 20210817132537.0
007 cr|||| ||||
008 210817s2015 ca |||||s|||| 00||0 eng d
020 |a 978-1-55221-409-1 
035 |a 34977 
040 |a vLex 
090 |c 12030  |d 12030 
100 1 |a Kyer, C . Ian 
245 1 1 |a A Thirty Years' War  |h [Recurso electrn̤ico] :  |b The Failed Public/Private Partnership that Spurred the Creation of the Toronto Transit Commission, 1891-1921 /  |c C . Ian Kyer 
256 |a Servicio en ln̕ea 
260 |a Toronto:  |b Irwin Law Inc.,  |c 2015 
300 |a 1 recurso electrn̤ico 
506 1 |a Disponible solo en los productos indicados  |d vLex Global  |d vLex Global (Academic Edition, excluding Law Schools)  |d vLex Global (U.S. Academic Edition, Law Schools)  |d vLex Global (U.S. Academic Edition, excluding Law Schools)  |d vLex Global (Academic Edition, Law Schools) 
650 0 4 |a Derecho Pb︢lico y Administrativo  |z Canad̀ 
740 0 |a vLex Libros (Servicio en ln̕ea) 
856 4 0 |u https://app.vlex.com/#/sources/34977  |z Acceso restringido 
942 |c BOOK 
999 0 |a Public and Administrative Law